Software engineering (Record no. 459)

MARC details
000 -LEADER
fixed length control field 00417 a2200169 4500
001 - CONTROL NUMBER
control field 066402
003 - CONTROL NUMBER IDENTIFIER
control field OSt
005 - DATE AND TIME OF LATEST TRANSACTION
control field 20210928105251.0
008 - FIXED-LENGTH DATA ELEMENTS--GENERAL INFORMATION
fixed length control field
082 ## - DEWEY DECIMAL CLASSIFICATION NUMBER
Classification number 005.1
Item number G41S
100 1# - MAIN ENTRY--PERSONAL NAME
Personal name Gill, Nasib Singh
245 1# - TITLE STATEMENT
Title Software engineering
Statement of responsibility, etc by Nasib Singh Gill
260 ## - PUBLICATION, DISTRIBUTION, ETC. (IMPRINT)
Place of publication, distribution, etc New Delhi
Name of publisher, distributor, etc Khanna Books
Date of publication, distribution, etc 2009
300 ## - PHYSICAL DESCRIPTION
Extent 622p.
690 ## - LOCAL SUBJECT ADDED ENTRY--TOPICAL TERM (OCLC, RLIN)
Topical term or geographic name as entry element Software engineering
942 ## - ADDED ENTRY ELEMENTS (KOHA)
Source of classification or shelving scheme Dewey Decimal Classification
Koha item type Books
Holdings
Withdrawn status Lost status Source of classification or shelving scheme Damaged status Not for loan Collection code Home library Current library Date acquired Source of acquisition Cost, normal purchase price Total Checkouts Full call number Barcode Date last seen Date checked out Price effective from Koha item type
    Dewey Decimal Classification     General Text Book Central University Of Rajasthan Central University Of Rajasthan 07/03/2012 CSC 350.00 3 005.1 G41S 688 21/11/2024 30/08/2024 02/09/2020 Books